कबीर साहित्य के प्रमुख पक्ष एवं साखी-भाष्य / (Record no. 102644)
[ view plain ]
| 000 -LEADER | |
|---|---|
| fixed length control field | 00889nam a22002057a 4500 |
| 005 - DATE AND TIME OF LATEST TRANSACTION | |
| control field | 20160822115349.0 |
| 010 ## - LCCN (DPL NO) | |
| LC control number | HIN-108617 |
| 020 ## - INTERNATIONAL STANDARD BOOK NUMBER | |
| International Standard Book Number | 9789384397128 |
| Terms of availability | 495.00 |
| 035 ## - SYSTEM CONTROL NUMBER | |
| System control number | HN-80963 |
| 037 ## - SOURCE OF ACQUISITION | |
| Source of stock number/acquisition | DPL/PUB |
| 082 ## - DEWEY DECIMAL CLASSIFICATION NUMBER | |
| Classification number | 821.08 |
| 100 ## - MAIN ENTRY--PERSONAL NAME | |
| Personal name | चौहान,प्रताप सिंह |
| 245 ## - TITLE STATEMENT | |
| Title | कबीर साहित्य के प्रमुख पक्ष एवं साखी-भाष्य / |
| Statement of responsibility, etc | प्रताप सिंह चौहान |
| 260 ## - PUBLICATION, DISTRIBUTION, ETC. (IMPRINT) | |
| Place of publication, distribution, etc | कानपुर |
| Name of publisher, distributor, etc | उत्कर्ष पब्लिशर्स |
| Date of publication, distribution, etc | 2015 |
| 270 ## - ADDRESS | |
| Address | ए-685, आवास विकास,हंसपुरम, |
| City | कानपुर |
| Postal code | 21 |
| Telephone number | 09792149791 |
| 300 ## - PHYSICAL DESCRIPTION | |
| Extent | 184पृ. |
| Dimensions | 21सें.मी.(सजिल्द) |
| 700 ## - ADDED ENTRY--PERSONAL NAME | |
| 9 (RLIN) | 48868 |
| Personal name | सिंह,सुशीला |
| 700 ## - ADDED ENTRY--PERSONAL NAME | |
| 9 (RLIN) | 48869 |
| 942 ## - ADDED ENTRY ELEMENTS (KOHA) | |
| Source of classification or shelving scheme | Dewey Decimal Classification |
| Item type | Hindi Books |
| Call number suffix | चौहान |
| Classification part | 821.08 |
| Withdrawn status | Lost status | Not for loan | Collection code | Home library | Current library | Date acquired | Source of acquisition | Cost, normal purchase price | Full call number | Barcode | Copy number | Cost, replacement price | Koha item type |
|---|---|---|---|---|---|---|---|---|---|---|---|---|---|
| Not For Loan | Non-fiction | D.B.Act.Division | Bawana | 22/08/2016 | DBAD/PUB | 495.00 | 821.08 चौहान | HN-80963 | 1 | 495.00 | Hindi Books |
